Представление документа в формате RUSMARC

ПолеНазваниеЗначение
  Тип записи i
  Библиографический уровень m
001 Контрольный номер RU/IS/BASE/443870463
005 Дата корректировки 20260519145458.1
010 Индекс ISBN __
a ISBN 978-5-9677-1096-4
d Цена 271-16
101 Язык документа 0_
a Язык текста rus
200 Заглавие и сведения об ответственности 1_
a Заглавие Голем
e Сведения, относящиеся к заглавию [аудиоспектакль с муз. сопровождением]
f Первые сведения об ответственности Густав Майринк ; [исполн.: Ф. Степанов и др.]
b Общее обозначение материала Звукозапись
210 Выходные данные 1_
a Место издания Москва
c Издательство 1С-Паблишинг
d Дата издания 2009
215 Физическое описание __
a Объем 1 электрон. опт. диск (Audio CD) (02 ч. 46 мин.)
c Иллюстрации/тип воспроизводства mp3, stereo
225 Серия 2_
a Серия 1С: Аудиотеатр
225 Серия 2_
a Серия Самый мистический роман XX века
300 Общие примечания __
a Общие примечания MPEG-I Layer-3 , 256 Kbps, 16 bit, 44.0 kHz
323 Примечание о главных создателях, исполнителях, участниках __
a Примечание о главных создателях, исполнителях, участниках Степанов, Ф.
323 Примечание о главных создателях, исполнителях, участниках __
a Примечание о главных создателях, исполнителях, участниках Дрейден, С.
323 Примечание о главных создателях, исполнителях, участниках __
a Примечание о главных создателях, исполнителях, участниках Калинин, Г.
323 Примечание о главных создателях, исполнителях, участниках __
a Примечание о главных создателях, исполнителях, участниках Борзунов, А.
330 Аннотация __
a Аннотация Послушайте инсценировку самого известного романа австрийского писателя - экспрессиониста Густава Майринка! Мистическая история, творящаяся между явью и сном в Праге начала прошлого века, стала настоящим бестселлером XX столетия и прославили автора. Смесь кафкианской грусти, средневекового духа весенних пражских улиц, каббалистической символики и детективных загадок - все это «Голем». А еще это - чудовище, созданное из глины средневековым мастером. Во рту у него таинственная тетраграмма, без которой он обращается в кучу земли. Не дайвам Бог повстречать Голема на улице ночной Праги даже пятьсот лет спустя.
333 Примечание о целевом назначении __
a Примечание о целевом назначении 18+. Запрещено для детей
606 Тематические рубрики __
a Основная рубрика Музыка и зрелищные искусства
606 Тематические рубрики __
a Основная рубрика Художественное радиовещание
610 Ключевые слова 0_
a Ключевые слова австрийская литература; инсценировки; радиоспектакли; мистические романы; тема мистики; детективные романы; тема убийств; бестселлеры
686 Индексы других классификаций __
a Классификационный индекс 85.381.3(2)я04; ст85.38я0
700 Автор _1
a Фамилия Майринк
b Имя Г.
f Даты 1868-1932
g Полное личное имя Густав
p Наименование/ адрес организации Мейринк, Г.
4 Код отношения 070
790 Имя лица - альтернативная форма _1
a Имя лица - альтернативная форма Мейринк, Г.
801 Источник записи _0
a Страна RU
b Организация Муниципальное бюджетное учреждение культуры "Централизованная библиотечная система" г. Сургут (Центральная городская библиотека им. А. С. Пушкина)
g Правила каталогизации КиК/Котельникова
801 Источник записи _1
a Страна RU
b Организация Муниципальное бюджетное учреждение культуры "Централизованная библиотечная система" г. Сургут (Центральная городская библиотека им. А. С. Пушкина)
g Правила каталогизации КиК/Котельникова
852 Данные о местонахождении __
j Шифр хранения 85.381.3(2)я04
i Авторский знак М 14
901 Тип документа __
t Тип документа 0
903 Характеристики (МАРС) __
a Дата передачи 20140123
969 Тип издания __
a Тип издания аудиоспектакль; издание для слепых
990 Данные о заказе (DOS) __
j Количество экземпляров (DOS) 4
t N записи в КСУ для И/У (DOS) 201401